000 00419nam a22001577a 4500
020 _a0-06-050816-7
082 _a823
_bLAS/W
100 _aLASHNER, WILLIAM
245 _aFATAL FLAW
250 _aFIRST EDITION
260 _aNEW YORK
_bHARPER COLLINS
_c2003
300 _a437
520 _aFATAL FLAW IS AN EXLOSIVE MIX OF LOVE GONE WRONG, BETRAYAL AND MURDER.
650 _aENGLISH NOVELS
_zUNITED STATES
942 _cBK
999 _c1987
_d1987